[Event "World Youth U-16 Olympiad 2018"]
[Site "Konya"]
[Date "2018.11.27"]
[Round "4"]
[White "Schitco, Ivan"]
[Black "Can, Isik"]
[Result "1-0"]
[WhiteElo "2376"]
[BlackElo "2382"]
[Annotator "NA"]
[PlyCount "135"]
[EventDate "2018.11.25"]
[EventType "team-tourn"]
[EventCountry "TUR"]
[SourceTitle "playchess.com"]
[Source "ChessBase"]
[SourceQuality "1"]
[WhiteTeam "Moldova"]
[BlackTeam "Turkey"]
[WhiteTeamCountry "MDA"]
[BlackTeamCountry "TUR"]

1. c4 Nf6 2. g3 e6 3. Bg2 c5 4. Nf3 Be7 5. Nc3 O-O 6. O-O d6 7. d4 cxd4 8. Nxd4 a6 9. b3 Qc7 10. Bb2 Nc6 11. Rc1 Nxd4 12. Qxd4 Rb8 13. Rfd1 b6 14. h3 Bb7 15. e4 Rfd8 16. Ba3 Ba8 17. Bb4 Qb7 18. Qe3 b5 19. cxb5 axb5 20. Rd4 Ne8 21. Rcd1 Rdc8 22. R4d2 Bf6 23. Kh2 g6 24. f4 Qb6 25. Qxb6 Rxb6 26. Ne2 Ra6 27. a3 Rb6 28. Rc1 Rxc1 29. Nxc1 Rc6 30. e5 Rxc1 31. Bxa8 Rc8 32. Bb7 Rb8 33. exf6 Rxb7 34. Bxd6 Nxf6 35. Be5 Nd5 36. Rc2 f6 37. Rc8+ Kf7 38. Bd4 Rd7 39. Bf2 g5 40. fxg5 fxg5 41. a4 Ne7 42. Rc2 bxa4 43. bxa4 Rd6 44. Be3 Nd5 45. Bxg5 Ra6 46. Rc4 Rb6 47. Rd4 Rb2+ 48. Rd2 Rb4 49. a5 Ra4 50. Rf2+ Kg6 51. Bd8 e5 52. Rd2 Ne3 53. Rd3 Ra2+ 54. Kg1 Nc4 55. Rd5 Kf5 56. Rc5 Ne3 57. Bc7 Ke4 58. Bxe5 Kf3 59. g4 Rg2+ 60. Kh1 Re2 61. Rc1 Nxg4 62. Bd4 Nh6 63. Rc3+ Ke4 64. Re3+ Rxe3 65. Bxe3 Kxe3 66. a6 Kf2 67. a7 Nf5 68. h4 1-0

[Event "World Youth U-16 Olympiad 2018"]
[Site "Konya"]
[Date "2018.11.27"]
[Round "4"]
[White "Kacharava, Nikolozi"]
[Black "Muradli, Mahammad"]
[Result "1-0"]
[WhiteElo "2356"]
[BlackElo "2420"]
[Annotator "TA"]
[PlyCount "105"]
[EventDate "2018.11.25"]
[EventType "team-tourn"]
[EventCountry "TUR"]
[SourceTitle "playchess.com"]
[Source "ChessBase"]
[SourceQuality "1"]
[WhiteTeam "Georgia"]
[BlackTeam "Azerbaijan"]
[WhiteTeamCountry "GEO"]
[BlackTeamCountry "AZE"]

1. e4 c5 2. Nf3 d6 3. d4 cxd4 4. Qxd4 a6 5. c4 Nc6 6. Qe3 Bg4 7. Be2 g6 8. O-O Bg7 9. Rd1 Qa5 10. Nc3 Bxc3 11. bxc3 Nf6 12. h3 Bxf3 13. gxf3 O-O 14. f4 Rfd8 15. h4 Rac8 16. h5 Qc5 17. hxg6 hxg6 18. Qf3 Na5 19. Be3 Qc6 20. e5 Qxf3 21. Bxf3 Nd7 22. exd6 exd6 23. Rab1 Nc5 24. Bd5 Na4 25. Bd4 Kf8 26. Bf6 Re8 27. Kg2 Re6 28. Bxe6 fxe6 29. Rxd6 Nxc4 30. Rd7 Nab6 31. Rxb7 Nd5 32. Be5 Nxe5 33. fxe5 Rxc3 34. Ra7 Nf4+ 35. Kg1 Rc8 36. Rbb7 g5 37. Kh2 Nd3 38. Rf7+ Kg8 39. Rg7+ Kf8 40. Rgf7+ Kg8 41. Rg7+ Kf8 42. Rh7 Kg8 43. Rag7+ Kf8 44. Rf7+ Kg8 45. Rhg7+ Kh8 46. Rxg5 Rc2 47. Kg1 Rc1+ 48. Kg2 Rc2 49. Kg3 Rxa2 50. Kg4 Re2 51. f4 Rf2 52. Rf6 Kh7 53. Rf7+ 1-0

[Event "World Youth U-16 Olympiad 2018"]
[Site "Konya"]
[Date "2018.11.27"]
[Round "4"]
[White "Baenziger, Fabian"]
[Black "Vlachos, Anatole"]
[Result "0-1"]
[WhiteElo "2355"]
[BlackElo "2434"]
[Annotator "TA"]
[PlyCount "61"]
[EventDate "2018.11.25"]
[EventType "team-tourn"]
[EventCountry "TUR"]
[SourceTitle "playchess.com"]
[Source "ChessBase"]
[SourceQuality "1"]
[WhiteTeam "Switzerland"]
[BlackTeam "Greece"]
[WhiteTeamCountry "SUI"]
[BlackTeamCountry "GRE"]

1. d4 e6 2. c4 f5 3. Nc3 Nf6 4. Bg5 h6 5. Bxf6 Qxf6 6. Nf3 g5 7. e4 g4 8. Ng1 Bg7 9. e5 Qg5 10. h4 Qe7 11. Qe2 d6 12. f4 O-O 13. O-O-O a6 14. Qe3 Re8 15. Nge2 b5 16. Ng3 b4 17. Nce2 Nd7 18. Nh5 Bh8 19. Neg3 c5 20. exd6 Bxd4 21. Rxd4 cxd4 22. Qxd4 Qh7 23. c5 Bb7 24. Nxf5 Rac8 25. Bc4 Kf7 26. Ne3 Qh8 27. Qxh8 Rxh8 28. f5 Nxc5 29. Rf1 Rhf8 30. fxe6+ Kg6 31. Nf4+ 0-1

[Event "World Youth U-16 Olympiad 2018"]
[Site "Konya"]
[Date "2018.11.27"]
[Round "4"]
[White "Mitsis, Georgios"]
[Black "Tezayak, Matthias"]
[Result "1-0"]
[WhiteElo "2350"]
[BlackElo "1887"]
[Annotator "NA"]
[PlyCount "53"]
[EventDate "2018.11.25"]
[EventType "team-tourn"]
[EventCountry "TUR"]
[SourceTitle "playchess.com"]
[Source "ChessBase"]
[SourceQuality "1"]
[WhiteTeam "Greece"]
[BlackTeam "Switzerland"]
[WhiteTeamCountry "GRE"]
[BlackTeamCountry "SUI"]

1. e4 e6 2. d4 d5 3. Nd2 Be7 4. c3 Nf6 5. e5 Nfd7 6. f4 c5 7. Ngf3 Nc6 8. Be2 a5 9. O-O Qb6 10. Nb3 a4 11. dxc5 Nxc5 12. Nxc5 Bxc5+ 13. Kh1 O-O 14. Bd3 g6 15. Qe1 Kg7 16. g4 Bd7 17. f5 exf5 18. gxf5 Rae8 19. Bh6+ Kg8 20. Bxf8 Bxf8 21. e6 fxe6 22. fxg6 e5 23. gxh7+ Kh8 24. Rg1 Bg7 25. Rxg7 Kxg7 26. Qg3+ Kh8 27. Rg1 1-0

[Event "World Youth U-16 Olympiad 2018"]
[Site "Konya"]
[Date "2018.11.27"]
[Round "4"]
[White "Thilakarathne, G M H"]
[Black "Matviishen, Viktor"]
[Result "0-1"]
[WhiteElo "2346"]
[BlackElo "2476"]
[Annotator "TA"]
[PlyCount "100"]
[EventDate "2018.11.25"]
[EventType "team-tourn"]
[EventCountry "TUR"]
[SourceTitle "playchess.com"]
[Source "ChessBase"]
[SourceQuality "1"]
[WhiteTeam "Sri Lanka"]
[BlackTeam "Ukraine"]
[WhiteTeamCountry "SRI"]
[BlackTeamCountry "UKR"]

1. e4 e5 2. Nf3 Nc6 3. Nc3 Nf6 4. d4 exd4 5. Nxd4 Bb4 6. Nxc6 bxc6 7. Bd3 d5 8. exd5 cxd5 9. O-O O-O 10. h3 h6 11. Qf3 c6 12. Ne2 Bd6 13. Bf4 Rb8 14. b3 c5 15. Bxd6 Qxd6 16. Qg3 Rd8 17. Rfe1 Qxg3 18. Nxg3 Be6 19. Rad1 Kf8 20. Bf5 Rb6 21. c4 d4 22. Bxe6 Rxe6 23. f3 g6 24. Ne2 Rde8 25. Kf2 a5 26. Nf4 Re3 27. Nd3 Nd7 28. Rxe3 Rxe3 29. Rd2 g5 30. Ne1 f5 31. g3 Ne5 32. f4 gxf4 33. gxf4 Ng6 34. Nd3 Rxh3 35. Nxc5 Rh2+ 36. Ke1 Rxd2 37. Kxd2 Nxf4 38. Nd3 Ne6 39. Ne5 h5 40. Kd3 Ke7 41. Nc6+ Kd6 42. Nxd4 Nxd4 43. Kxd4 h4 44. Ke3 h3 45. Kf3 f4 46. Kf2 Kc5 47. a4 Kd4 48. Kf3 h2 49. Kg2 f3+ 50. Kxh2 Ke3 0-1

[Event "World Youth U-16 Olympiad 2018"]
[Site "Konya"]
[Date "2018.11.27"]
[Round "4"]
[White "Wachinger, Nikolas"]
[Black "Aubakirov, Shyngys"]
[Result "1-0"]
[WhiteElo "2338"]
[BlackElo "1546"]
[Annotator "NA"]
[PlyCount "47"]
[EventDate "2018.11.25"]
[EventType "team-tourn"]
[EventCountry "TUR"]
[SourceTitle "playchess.com"]
[Source "ChessBase"]
[SourceQuality "1"]
[WhiteTeam "Germany"]
[BlackTeam "Kazakhstan"]
[WhiteTeamCountry "GER"]
[BlackTeamCountry "KAZ"]

1. e4 c5 2. Nc3 Nc6 3. Bb5 d6 4. Bxc6+ bxc6 5. d3 g6 6. f4 Bg7 7. Nf3 Bg4 8. O-O e6 9. Qe1 Bxf3 10. Rxf3 Ne7 11. f5 Bd4+ 12. Kh1 exf5 13. exf5 O-O 14. f6 Nd5 15. Nxd5 cxd5 16. Qh4 Re8 17. Bg5 Re6 18. c3 Be5 19. d4 cxd4 20. cxd4 h6 21. Qxh6 Bxf6 22. Bxf6 Rxf6 23. Rh3 Rf5 24. Qh8# 1-0

[Event "World Youth U-16 Olympiad 2018"]
[Site "Konya"]
[Date "2018.11.27"]
[Round "4"]
[White "Olsen, Filip Boe"]
[Black "Bekasovs, Rihards"]
[Result "1-0"]
[WhiteElo "2335"]
[BlackElo "2182"]
[Annotator "NA"]
[PlyCount "61"]
[EventDate "2018.11.25"]
[EventType "team-tourn"]
[EventCountry "TUR"]
[SourceTitle "playchess.com"]
[Source "ChessBase"]
[SourceQuality "1"]
[WhiteTeam "Denmark"]
[BlackTeam "Latvia"]
[WhiteTeamCountry "DEN"]
[BlackTeamCountry "LAT"]

1. d4 Nf6 2. c4 c5 3. d5 b5 4. cxb5 a6 5. e3 axb5 6. Bxb5 Qa5+ 7. Nc3 Bb7 8. Bd2 Qb6 9. Nf3 Nxd5 10. a4 Nb4 11. O-O N8c6 12. e4 e6 13. Bf4 Be7 14. Ne5 Qd8 15. Qg4 O-O 16. Rad1 d6 17. Nxc6 Nxc6 18. Bxc6 Bxc6 19. Rd3 f5 20. exf5 Rxf5 21. Re1 Qd7 22. Bg3 d5 23. Rde3 h5 24. Qe2 h4 25. Be5 d4 26. Rd3 Qb7 27. Qg4 Bd8 28. Qg6 Rxe5 29. Rxe5 dxc3 30. Qxe6+ Kf8 31. Rxd8+ 1-0

[Event "World Youth U-16 Olympiad 2018"]
[Site "Konya"]
[Date "2018.11.27"]
[Round "4"]
[White "Galperin, Platon"]
[Black "Piyumantha, M Sasith Nipun"]
[Result "1/2-1/2"]
[WhiteElo "2334"]
[BlackElo "2167"]
[Annotator "ChessBase"]
[PlyCount "50"]
[EventDate "2018.11.25"]
[EventType "team-tourn"]
[EventCountry "TUR"]
[SourceTitle "playchess.com"]
[Source "ChessBase"]
[SourceQuality "1"]
[WhiteTeam "Ukraine"]
[BlackTeam "Sri Lanka"]
[WhiteTeamCountry "UKR"]
[BlackTeamCountry "SRI"]

1. Nf3 c5 2. c4 Nf6 3. Nc3 g6 4. d4 cxd4 5. Nxd4 Bg7 6. e4 d6 7. Be2 O-O 8. Be3 Nc6 9. h3 Bd7 10. O-O Nxd4 11. Bxd4 Bc6 12. Qc2 Nd7 13. Bxg7 Kxg7 14. b4 b6 15. Rad1 Qc7 16. f4 Rac8 17. Bd3 b5 18. Qb2 Kg8 19. cxb5 Ba8 20. Rc1 Qb6+ 21. Qf2 Qxf2+ 22. Kxf2 Nb6 23. a4 Nc4 24. a5 Nd2 25. Rfe1 Nb3 1/2-1/2

[Event "World Youth U-16 Olympiad 2018"]
[Site "Konya"]
[Date "2018.11.27"]
[Round "4"]
[White "Pacan-Milej, Kosma"]
[Black "Budisavljevic, Luka"]
[Result "0-1"]
[WhiteElo "2334"]
[BlackElo "2344"]
[Annotator "NA"]
[PlyCount "116"]
[EventDate "2018.11.25"]
[EventType "team-tourn"]
[EventCountry "TUR"]
[SourceTitle "playchess.com"]
[Source "ChessBase"]
[SourceQuality "1"]
[WhiteTeam "Poland"]
[BlackTeam "Serbia"]
[WhiteTeamCountry "POL"]
[BlackTeamCountry "SRB"]

1. d4 Nf6 2. c4 e6 3. Nf3 c5 4. d5 d6 5. Nc3 exd5 6. cxd5 g6 7. e4 a6 8. h3 b5 9. Bd3 Bg7 10. O-O O-O 11. Re1 Nbd7 12. Bf4 Qb6 13. Qd2 Re8 14. a3 Nh5 15. Bh6 Ne5 16. Nxe5 Bxe5 17. Be3 Qd8 18. f4 Bg7 19. g4 Nf6 20. Qg2 Bb7 21. g5 Nd7 22. Bf2 Bd4 23. Rad1 Bxf2+ 24. Qxf2 Qb6 25. Bc2 c4 26. h4 Qxf2+ 27. Kxf2 f6 28. Kg3 Rf8 29. Ne2 h6 30. gxh6 Kh7 31. Nd4 Kxh6 32. h5 Rg8 33. Kf3 Nc5 34. hxg6 Kxg6 35. Nf5 Kf7 36. Nxd6+ Ke7 37. Nf5+ Kd7 38. Rh1 Rh8 39. Rdg1 Kc7 40. Rg7+ Kb6 41. Rxh8 Rxh8 42. Rf7 Rh2 43. Rxf6+ Ka7 44. Nd4 Nd3 45. d6 Ne1+ 46. Kg3 Rg2+ 47. Kh3 Rd2 48. e5 Rxd4 49. Bf5 Bc6 50. d7 Bxd7 51. Bxd7 Rxd7 52. e6 Rd3+ 53. Kg4 Re3 54. Rf7+ Kb6 55. e7 Nd3 56. Kf5 Kc6 57. Kf6 Nxf4 58. Kg7 Nd5 0-1

[Event "World Youth U-16 Olympiad 2018"]
[Site "Konya"]
[Date "2018.11.27"]
[Round "4"]
[White "Gholami Orimi, Mahdi"]
[Black "Li, Wenxiang"]
[Result "1/2-1/2"]
[WhiteElo "2326"]
[BlackElo "2172"]
[Annotator "NA"]
[PlyCount "102"]
[EventDate "2018.11.25"]
[EventType "team-tourn"]
[EventCountry "TUR"]
[SourceTitle "playchess.com"]
[Source "ChessBase"]
[SourceQuality "1"]
[WhiteTeam "Iran"]
[BlackTeam "China"]
[WhiteTeamCountry "IRI"]
[BlackTeamCountry "CHN"]

1. d4 d5 2. c4 c6 3. Nc3 Nf6 4. e3 g6 5. Nf3 Bg7 6. Be2 O-O 7. O-O Qb6 8. b3 Bf5 9. a4 a5 10. Ba3 Re8 11. Rc1 Nbd7 12. cxd5 Nxd5 13. Nxd5 cxd5 14. Bb5 Bf6 15. Ne5 Red8 16. Ng4 Bxg4 17. Qxg4 Nf8 18. Rc2 Ne6 19. Rfc1 Rdb8 20. Qd1 Qd8 21. Rc3 Rc8 22. Qc2 Rxc3 23. Qxc3 Kg7 24. g3 b6 25. Kg2 Ra7 26. Qc6 h5 27. h4 Kh7 28. Kh2 Kg7 29. Bf1 g5 30. Bh3 gxh4 31. Bxe6 hxg3+ 32. Kxg3 fxe6 33. Qxe6 Qd7 34. Qxd7 Rxd7 35. Rc8 Rb7 36. Bc1 Kf7 37. Bd2 Ke6 38. Rd8 Rc7 39. Rb8 Rc6 40. Rb7 Kf5 41. b4 axb4 42. Bxb4 e6 43. Rf7 Kg6 44. Ra7 h4+ 45. Kg2 Rc4 46. Bd6 Kf5 47. Kf3 Rc3 48. Rh7 Kg6 49. Rc7 Rb3 50. Kg4 Rb2 51. Kf3 Rb3 1/2-1/2

[Event "World Youth U-16 Olympiad 2018"]
[Site "Konya"]
[Date "2018.11.27"]
[Round "4"]
[White "Ceres, Dragos"]
[Black "Ozenir, Ekin Baris"]
[Result "0-1"]
[WhiteElo "2324"]
[BlackElo "2293"]
[Annotator "NA"]
[PlyCount "92"]
[EventDate "2018.11.25"]
[EventType "team-tourn"]
[EventCountry "TUR"]
[SourceTitle "playchess.com"]
[Source "ChessBase"]
[SourceQuality "1"]
[WhiteTeam "Moldova"]
[BlackTeam "Turkey"]
[WhiteTeamCountry "MDA"]
[BlackTeamCountry "TUR"]

1. e4 e6 2. d4 d5 3. Nc3 Bb4 4. exd5 exd5 5. Bd3 Ne7 6. Qh5 c5 7. Nf3 c4 8. Ng5 g6 9. Qh6 Ng8 10. Qg7 Qf6 11. Qxf6 Nxf6 12. Be2 Bf5 13. Bd2 Bxc3 14. bxc3 Bxc2 15. O-O O-O 16. h4 Nc6 17. f3 b5 18. Rfc1 Bf5 19. g4 Bd7 20. Rab1 a6 21. Bd1 h5 22. gxh5 Nxh5 23. Kg2 Rfe8 24. Nh3 Bf5 25. Rb2 b4 26. Nf2 bxc3 27. Bxc3 Reb8 28. Rd2 Ne7 29. Ng4 Bd3 30. Ne3 Rb6 31. Kf2 Rab8 32. a3 Nf6 33. Bb4 Nc6 34. Bd6 Rb2 35. Ke1 Rxd2 36. Kxd2 Rb2+ 37. Kc3 Rf2 38. Be5 Nxe5 39. dxe5 Nd7 40. Nxd5 Nxe5 41. f4 Nd7 42. Ba4 Nc5 43. Bc6 a5 44. Rg1 Ne6 45. Ne3 Nxf4 46. Rg5 Ne2+ 0-1

[Event "World Youth U-16 Olympiad 2018"]
[Site "Konya"]
[Date "2018.11.27"]
[Round "4"]
[White "Huang, Renjie"]
[Black "Firouzja, Alireza"]
[Result "0-1"]
[WhiteElo "2322"]
[BlackElo "2607"]
[Annotator "TA"]
[PlyCount "118"]
[EventDate "2018.11.25"]
[EventType "team-tourn"]
[EventCountry "TUR"]
[SourceTitle "playchess.com"]
[Source "ChessBase"]
[SourceQuality "1"]
[WhiteTeam "China"]
[BlackTeam "Iran"]
[WhiteTeamCountry "CHN"]
[BlackTeamCountry "IRI"]

1. e4 c5 2. Nf3 d6 3. d4 cxd4 4. Nxd4 Nf6 5. Nc3 a6 6. Bg5 e6 7. f4 Qc7 8. Bxf6 gxf6 9. f5 Qc5 10. fxe6 fxe6 11. Qd3 Nc6 12. O-O-O Nxd4 13. Qxd4 Qxd4 14. Rxd4 Bd7 15. g3 Ke7 16. Bg2 Bh6+ 17. Kb1 Be3 18. Rd3 Bc5 19. a3 a5 20. Rhd1 Bc6 21. Bf3 Rhd8 22. Ne2 a4 23. Nd4 Bd7 24. g4 Rg8 25. h4 Rg7 26. c3 Rag8 27. c4 Rxg4 28. Bxg4 Rxg4 29. b4 axb3 30. Nxb3 Bc6 31. Nxc5 dxc5 32. Kb2 Rxh4 33. e5 fxe5 34. Kc3 e4 35. Rg3 h6 36. Kd2 Rh2+ 37. Ke3 Rc2 38. Rg6 Rc3+ 39. Kf4 Rf3+ 40. Kg4 Rd3 41. Rf1 e3 42. Re1 e2 43. Rxh6 Rxa3 44. Rh3 Ra4 45. Rc3 Bd5 46. Rxe2 Bxc4 47. Re4 b5 48. Kf4 Kd6 49. Rh3 Ra8 50. Re1 Bd5 51. Rh7 b4 52. Ke3 Ra3+ 53. Kd2 c4 54. Rh8 Rd3+ 55. Ke2 b3 56. Rb8 Rh3 57. Kd2 c3+ 58. Kc1 Rh2 59. Rb5 Ra2 0-1

[Event "World Youth U-16 Olympiad 2018"]
[Site "Konya"]
[Date "2018.11.27"]
[Round "4"]
[White "Pour Agha Bala, Amirreza"]
[Black "Wang, Yanbin"]
[Result "0-1"]
[WhiteElo "2319"]
[BlackElo "2220"]
[Annotator "NA"]
[PlyCount "122"]
[EventDate "2018.11.25"]
[EventType "team-tourn"]
[EventCountry "TUR"]
[SourceTitle "playchess.com"]
[Source "ChessBase"]
[SourceQuality "1"]
[WhiteTeam "Iran"]
[BlackTeam "China"]
[WhiteTeamCountry "IRI"]
[BlackTeamCountry "CHN"]

1. Nf3 c5 2. e4 e6 3. d4 cxd4 4. Nxd4 a6 5. Bd3 Nf6 6. O-O d6 7. Qe2 Qc7 8. Nc3 Be7 9. Kh1 b5 10. a4 b4 11. Na2 e5 12. Nb3 Nc6 13. c3 Be6 14. Nd2 bxc3 15. bxc3 a5 16. c4 Nd7 17. Nc3 O-O 18. Ba3 Nd4 19. Qe3 Qd8 20. Nd5 Nc5 21. f4 f6 22. Nf3 Nc6 23. Bc2 Rb8 24. Rab1 Qd7 25. Rb5 Bg4 26. Bd1 Bxf3 27. Bxf3 Nd4 28. Rd1 Nxa4 29. Rxd4 exd4 30. Qb3 Nc5 31. Bxc5 a4 32. Qxa4 dxc5 33. h3 Bd6 34. Bg4 Qd8 35. Qa6 Kh8 36. Qc6 Rf7 37. Be6 Ra7 38. Bg4 Ra4 39. Rxb8 Ra1+ 40. Kh2 Qxb8 41. e5 Bxe5 42. Kg3 Ra3+ 43. Kh4 g5+ 44. Kh5 Qg8 45. f5 Ra7 46. Qxc5 Qf7+ 47. Kh6 Qg7+ 48. Kh5 h6 49. Bd1 g4 50. h4 Kh7 51. Qc6 d3 52. Qc8 d2 53. Qe8 g3 54. Qe6 Qf7+ 55. Kg4 Kg7 56. c5 Ra1 57. Ne3 Bd4 58. Bb3 Qxe6 59. fxe6 Bxe3 60. e7 d1=Q+ 61. Bxd1 Kf7 0-1

[Event "World Youth U-16 Olympiad 2018"]
[Site "Konya"]
[Date "2018.11.27"]
[Round "4"]
[White "Tanriverdi, Enes"]
[Black "Lashkin, Jegor"]
[Result "1-0"]
[WhiteElo "2317"]
[BlackElo "2367"]
[Annotator "NA"]
[PlyCount "135"]
[EventDate "2018.11.25"]
[EventType "team-tourn"]
[EventCountry "TUR"]
[SourceTitle "playchess.com"]
[Source "ChessBase"]
[SourceQuality "1"]
[WhiteTeam "Turkey"]
[BlackTeam "Moldova"]
[WhiteTeamCountry "TUR"]
[BlackTeamCountry "MDA"]

1. d4 d5 2. c4 e6 3. Nc3 a6 4. cxd5 exd5 5. Nf3 Nf6 6. Bg5 Be6 7. e3 Nbd7 8. Bd3 Bd6 9. O-O c6 10. Bf4 Qc7 11. Bxd6 Qxd6 12. Qc2 O-O 13. h3 Rfe8 14. Rac1 h6 15. Rfd1 Rab8 16. Na4 Ne4 17. Nc5 Ndxc5 18. dxc5 Qc7 19. b4 Bd7 20. Bxe4 Rxe4 21. Rd4 Rbe8 22. Rcd1 Bf5 23. Qe2 Qe7 24. a4 a5 25. bxa5 Qxc5 26. a6 Qb6 27. axb7 Qxb7 28. Rc1 Ra8 29. Qa2 Ra5 30. Rxe4 Bxe4 31. Nd4 Ra6 32. Nb3 Qb4 33. Nc5 Ra5 34. Nxe4 Rxa4 35. Qc2 dxe4 36. Qxc6 Kh7 37. Qd7 Qb3 38. Rc7 Ra1+ 39. Kh2 Qe6 40. Qxe6 fxe6 41. Rc4 Kg6 42. Rxe4 Kf6 43. Kg3 Ra5 44. Rf4+ Ke7 45. h4 Rb5 46. Rc4 Kf6 47. Rc7 Ra5 48. f4 g5 49. fxg5+ hxg5 50. h5 Ra4 51. Rh7 g4 52. Rh6+ Kf5 53. Rg6 Re4 54. Kf2 Ra4 55. Rg8 Ra2+ 56. Kg3 Ra3 57. h6 Ra7 58. Rxg4 Rh7 59. Rh4 Kg5 60. Rh1 Kf5 61. Rh5+ Kg6 62. Kg4 Kf6 63. e4 Rh8 64. h7 Kg6 65. e5 Kf7 66. Kg5 Kg7 67. g4 Kf7 68. Kh6 1-0

[Event "World Youth U-16 Olympiad 2018"]
[Site "Konya"]
[Date "2018.11.27"]
[Round "4"]
[White "Gharibyan, Mamikon"]
[Black "Fernandes, Ricardo Paulos"]
[Result "1-0"]
[WhiteElo "2314"]
[BlackElo "2096"]
[Annotator "NA"]
[PlyCount "71"]
[EventDate "2018.11.25"]
[EventType "team-tourn"]
[EventCountry "TUR"]
[SourceTitle "playchess.com"]
[Source "ChessBase"]
[SourceQuality "1"]
[WhiteTeam "Armenia"]
[BlackTeam "Portugal"]
[WhiteTeamCountry "ARM"]
[BlackTeamCountry "POR"]

1. d4 Nf6 2. c4 g6 3. Nc3 Bg7 4. e4 d6 5. Be2 O-O 6. Be3 e5 7. d5 Na6 8. g4 Nc5 9. f3 a5 10. h4 h5 11. g5 Nfd7 12. Nh3 Re8 13. Qd2 a4 14. Nf2 b6 15. Nb5 Ba6 16. Kd1 Nb8 17. Kc2 Bf8 18. b4 Ncd7 19. a3 c6 20. Nc3 cxd5 21. cxd5 Bxe2 22. Qxe2 Be7 23. Kb2 f6 24. gxf6 Bxf6 25. Nb5 Nf8 26. Rac1 Na6 27. Rc6 Bxh4 28. Nxd6 Bxf2 29. Qxf2 Nb8 30. Rc8 Qxd6 31. Rxe8 Qd7 32. Rxe5 Nc6 33. dxc6 Qd3 34. Rc1 Qb3+ 35. Ka1 Qxa3+ 36. Qa2+ 1-0

[Event "World Youth U-16 Olympiad 2018"]
[Site "Konya"]
[Date "2018.11.27"]
[Round "4"]
[White "Travadon, Loic"]
[Black "Sprenar, Petr"]
[Result "1-0"]
[WhiteElo "2310"]
[BlackElo "2268"]
[Annotator "NA"]
[PlyCount "107"]
[EventDate "2018.11.25"]
[EventType "team-tourn"]
[EventCountry "TUR"]
[SourceTitle "playchess.com"]
[Source "ChessBase"]
[SourceQuality "1"]
[WhiteTeam "France"]
[BlackTeam "Czech Republic"]
[WhiteTeamCountry "FRA"]
[BlackTeamCountry "CZE"]

1. d4 e6 2. Bf4 d5 3. e3 Nf6 4. Nf3 c5 5. c3 Nc6 6. Nbd2 cxd4 7. exd4 Nh5 8. Be3 Bd6 9. Ne5 g6 10. Nd3 O-O 11. g3 Ng7 12. Bg2 Nf5 13. O-O b6 14. b4 Ba6 15. Qb1 Nce7 16. b5 Bb7 17. c4 Nxe3 18. fxe3 Qc7 19. Rc1 dxc4 20. Rxc4 Qd7 21. Bxb7 Qxb7 22. Qb3 Rac8 23. Rac1 h5 24. Rxc8 Rxc8 25. Rxc8+ Qxc8 26. Qc4 Qb8 27. e4 h4 28. e5 Bc7 29. Nb4 hxg3 30. hxg3 Qb7 31. Nc6 Nxc6 32. bxc6 Qc8 33. Ne4 Qd8 34. Kf2 b5 35. Qc5 a6 36. Ke3 Kg7 37. Nf6 Qf8 38. Qc1 Qh8 39. Kf3 Qa8 40. Ng4 Qh8 41. Kg2 a5 42. Qg5 Bd8 43. Qf4 Be7 44. c7 g5 45. Qc1 Qc8 46. Kf2 b4 47. Ne3 a4 48. d5 exd5 49. g4 b3 50. axb3 axb3 51. Nf5+ Kf8 52. Nd6 Bxd6 53. exd6 b2 54. Qxb2 1-0

[Event "World Youth U-16 Olympiad 2018"]
[Site "Konya"]
[Date "2018.11.27"]
[Round "4"]
[White "Sahidi, Samir"]
[Black "Kamer, Kayra"]
[Result "0-1"]
[WhiteElo "2309"]
[BlackElo "2290"]
[Annotator "NA"]
[PlyCount "102"]
[EventDate "2018.11.25"]
[EventType "team-tourn"]
[EventCountry "TUR"]
[SourceTitle "playchess.com"]
[Source "ChessBase"]
[SourceQuality "1"]
[WhiteTeam "Slovakia"]
[BlackTeam "Turkey"]
[WhiteTeamCountry "SVK"]
[BlackTeamCountry "TUR"]

1. d4 Nf6 2. Nf3 g6 3. c4 Bg7 4. Nc3 O-O 5. e4 d6 6. Be2 Nbd7 7. O-O e5 8. Bg5 h6 9. Bh4 g5 10. Bg3 Nh5 11. dxe5 Nxg3 12. hxg3 dxe5 13. Qc2 c6 14. b4 Qe7 15. Rab1 Re8 16. Nd1 Nf8 17. Ne3 h5 18. c5 Be6 19. Bc4 Ng6 20. Bxe6 fxe6 21. Rfd1 g4 22. Nh2 Rad8 23. Nc4 Rd4 24. Rxd4 exd4 25. e5 Qg5 26. Re1 Rd8 27. Nd6 Bxe5 28. Qe4 Bxd6 29. Qxe6+ Kg7 30. cxd6 Qf6 31. Qb3 Rxd6 32. Nf1 Qf5 33. Nd2 Ne5 34. Qa3 a6 35. b5 c5 36. bxa6 bxa6 37. Qb3 Re6 38. Rf1 Nf7 39. Qc4 Ng5 40. Rc1 Rf6 41. Rf1 d3 42. Nb3 Ne6 43. Qxa6 Qd5 44. Qa5 h4 45. Qc3 c4 46. Qb4 h3 47. f3 gxf3 48. Nd2 f2+ 49. Rxf2 Rxf2 50. Kxf2 Qxg2+ 51. Ke3 Qe2# 0-1

[Event "World Youth U-16 Olympiad 2018"]
[Site "Konya"]
[Date "2018.11.27"]
[Round "4"]
[White "Gorti, Akshita"]
[Black "Vokhidov, Shamsiddin"]
[Result "0-1"]
[WhiteElo "2308"]
[BlackElo "2456"]
[Annotator "TA"]
[PlyCount "98"]
[EventDate "2018.11.25"]
[EventType "team-tourn"]
[EventCountry "TUR"]
[SourceTitle "playchess.com"]
[Source "ChessBase"]
[SourceQuality "1"]
[WhiteTeam "United States"]
[BlackTeam "Uzbekistan"]
[WhiteTeamCountry "USA"]
[BlackTeamCountry "UZB"]

1. d4 Nf6 2. c4 e6 3. Nf3 b6 4. g3 Ba6 5. b3 Bb4+ 6. Bd2 Be7 7. Nc3 d5 8. cxd5 Nxd5 9. Bg2 Bb7 10. O-O Nd7 11. Nxd5 Bxd5 12. Qc2 Rc8 13. e4 Bb7 14. Rad1 O-O 15. Bc3 c6 16. Rfe1 Qc7 17. Qb2 Nf6 18. Ne5 Rfd8 19. Nd3 Ne8 20. Nf4 Bg5 21. Nd3 Bf6 22. Nf4 g6 23. e5 Bg7 24. h4 Qd7 25. Qe2 Nc7 26. h5 Qe7 27. hxg6 fxg6 28. Qg4 Rf8 29. Bb2 Bh6 30. Nh5 Bg5 31. Bc1 Rf5 32. Nf4 Bxf4 33. Bxf4 Nd5 34. Bxd5 exd5 35. Be3 c5 36. Rc1 c4 37. Qe2 Qe6 38. g4 Rf7 39. f4 Rcf8 40. Kh2 Bc8 41. Rg1 Qe7 42. Qf2 Be6 43. Qg3 Kh8 44. Kg2 Qa3 45. bxc4 dxc4 46. Qf2 Bxg4 47. Rxc4 Qd3 48. Rgc1 g5 49. Qg3 gxf4 0-1

[Event "World Youth U-16 Olympiad 2018"]
[Site "Konya"]
[Date "2018.11.27"]
[Round "4"]
[White "Veiga, Jose Francisco R P "]
[Black "Sargsyan, Shant"]
[Result "0-1"]
[WhiteElo "2305"]
[BlackElo "2463"]
[Annotator "RC"]
[PlyCount "88"]
[EventDate "2018.11.25"]
[EventType "team-tourn"]
[EventCountry "TUR"]
[SourceTitle "playchess.com"]
[Source "ChessBase"]
[SourceQuality "1"]
[WhiteTeam "Portugal"]
[BlackTeam "Armenia"]
[WhiteTeamCountry "POR"]
[BlackTeamCountry "ARM"]

1. e4 e5 2. Nf3 Nc6 3. Bb5 a6 4. Ba4 Nf6 5. O-O Nxe4 6. d4 b5 7. Bb3 d5 8. dxe5 Be6 9. c3 Be7 10. Nbd2 O-O 11. Nd4 Nxd4 12. cxd4 Nxd2 13. Bxd2 c5 14. Be3 c4 15. Bc2 Qd7 16. Qb1 g6 17. Bh6 Rfe8 18. f4 f5 19. Rf3 Bf8 20. Bxf8 Rxf8 21. b4 a5 22. Rf1 Qe7 23. a3 Ra6 24. bxa5 Rxa5 25. Qb4 Qa7 26. Rfd1 Ra8 27. Kh1 Kf7 28. h3 Qe7 29. Qb2 Bd7 30. Re1 R8a6 31. Bd1 b4 32. Bf3 b3 33. g4 Kg7 34. Qg2 fxg4 35. Bxg4 Bxg4 36. Qxg4 Qe6 37. Rf1 Qxg4 38. hxg4 b2 39. Rae1 Rxa3 40. f5 gxf5 41. gxf5 Ra1 42. f6+ Kf8 43. e6 Rxe1 44. Rxe1 Rxe6 0-1